| 000 | 00864nam a22002177a 4500 | ||
|---|---|---|---|
| 999 |
_c1308 _d1308 |
||
| 003 | AR-CdUCM | ||
| 008 | 190226b ||||| |||| 00| 0 spa d | ||
| 040 |
_aMUNICIPALIDAD PROVINCIAL DEL CUSCO _cBIBLIOTECA MUNICIPAL DEL CUSCO |
||
| 082 |
_a345.72 / _bE92 |
||
| 100 |
_aHuaroto C, Gerardo _95035 |
||
| 245 |
_aEstructuras normativas de los procesos jurídicos : _bEtapas de los procesos judiciales civil, penal y laboral / |
||
| 260 |
_aPerú : _bImprenta Cedillo.SRLT, |
||
| 300 |
_a106 paginas ; _c21 cm. |
||
| 505 | _aLa demanda --La contestación --Prueba --Alegato y citación para la sentencia --Procedimiento en segunda instancia ... | ||
| 650 |
_aEstructura de procesos juridicos _95036 |
||
| 650 |
_aCiencia juridica _95037 |
||
| 650 |
_aProcedimientos legales _95038 |
||
| 650 |
_aSanciones _95039 |
||
| 942 |
_2ddc _cLIBROS |
||
| 945 |
_arjall _d2019-02-26 |
||